| 000 | 01844cam a2200385 i 4500 | ||
|---|---|---|---|
| 001 | 436924073 | ||
| 003 | UkMaC | ||
| 005 | 20230411144649.0 | ||
| 008 | 210830t20222022enk 000 f eng | ||
| 015 |
_a20210307625 _2can |
||
| 015 |
_aGBC217691 _2bnb |
||
| 016 | 7 |
_a020480817 _2Uk |
|
| 020 | _a9780241541357 | ||
| 035 |
_a(OCoLC)1265725196 _z(OCoLC)1259508007 _z(OCoLC)1259511351 |
||
| 035 | _a(OCoLC)on1265725196 | ||
| 035 | _a(StEdALDL)1/4142105 | ||
| 035 | _a(UkCU)991006872129103606 | ||
| 040 |
_aNLC _beng _erda _cNLC _dNLC _dYDX _dERASA _dUKMGB _dUkCU-CAI |
||
| 042 | _alac | ||
| 050 | 4 | _aPZ | |
| 055 | 0 |
_aPR6069.M4213 _bC66 2022 |
|
| 082 | 0 |
_a813.54 _223 |
|
| 084 |
_acci1icc _2lacc |
||
| 100 | 1 |
_aSmith, Ali, _d1962- _eauthor. |
|
| 245 | 1 | 0 |
_aCompanion piece / _cAli Smith. |
| 264 | 1 |
_aUK : _bHamish Hamilton, an imprint of Penguin Books, _c2022. |
|
| 264 | 4 | _c©2022. | |
| 300 |
_a229 pages ; _c23 cm. |
||
| 336 |
_atext _2rdacontent. |
||
| 337 |
_aunmediated _2rdamedia. |
||
| 338 |
_avolume _2rdacarrier. |
||
| 520 |
_a"Autumn. Winter. Spring. Summer. What comes next when the world continues to change? With an eye for rendering the timely in a timeless way and enchanting readers with lyrical prose and grace, Ali Smith's ambitious Seasonal Quartet-a series of four stand-alone novels, separate but interconnected-artfully guided us through #MeToo, Brexit, the refugee crisis, a global pandemic, and more. Now, Smith's highly anticipated Companion Piece looks to the future and builds upon this "time-sensitive project." This new novel stands apart from the Quartet, which remains discrete unto itself. But like her groundbreaking series, it promises to capture the spirit of the times and offer a hopeful glimpse of the future."-- _cProvided by publisher. |
||
| 942 |
_2ddc _cFIC |
||
| 999 |
_c9527 _d9528 |
||